Estadísticas para Nombra ese pintor español

Haz click aquí para intentar la prueba.

Estadísticas generales

  • Esta prueba ha sido intentada 106 veces
  • La puntuación promedio es 7 de 9

Estadísticas de respuestas

Respuesta% Correcto
Pablo Picasso
98%
Diego Velázquez
95%
Salvador Dalí
93%
Francisco de Goya
87%
Joan Miró
76%
Joaquín Sorolla
70%
El Greco
65%
Bartolomé Esteban Murillo
50%
Francisco de Zurbarán
28%

Distribución de puntuación

Porcentaje por número respondido

Porcentaje de gente con cada puntuación

Historial de tus puntuaciones

No has intentado esta prueba.